UFC - Gewichtsklassen - Statistiken

Allgemein
  • Dieses Quiz wurde 145 mal gespielt
  • Das Durchschnittsergebnis liegt bei 8 aus 11
Antwortstatistiken
Hint Antwort % Korrekt
M Schwergewicht
95%
M Leichtgewicht
93%
M Mittelgewicht
89%
M Halbschwergewicht
78%
M Federgewicht
77%
M Weltergewicht
71%
W Bantamgewicht
70%
M Bantamgewicht
70%
W Fliegengewicht
70%
M Fliegengewicht
70%
W Strohgewicht
54%
Keine übereinstimmenden Quizze gefunden
Verteilung der Resultate
Anzahl Personen mit jedem Resultat
Perzentil nach korrekt beantworteten Fragen
Ihre Resultats-Entwicklung
Sie haben dieses Quiz noch nicht gespielt